[Event "Niksic"]
[Site "Niksic"]
[Date "1991.??.??"]
[Round "10"]
[White "Sokolov, Ivan"]
[Black "Todorovic, Goran M"]
[Result "1-0"]
[WhiteElo "2570"]
[BlackElo "2490"]
[PlyCount "77"]
[EventDate "1991.04.??"]
[Source "ChessBase"]

1. d4 d5 2. c4 e6 3. Nc3 c5 4. cxd5 exd5 5. Nf3 Nc6 6. g3 Nf6 7. Bg2 Be7 8. O-O O-O 9. Bg5 cxd4 10. Nxd4 h6 11. Bf4 Re8 12. Ncb5 Nh5 13. Be3 Bg4 14. Qa4 Qd7 15. Nc3 Nf6 16. Rfd1 Bh3 17. Bf3 Rad8 18. Nb3 Qe6 19. Nb5 Rc8 20. N5d4 Qd7 21. Nxc6 bxc6 22. Qxa7 Qf5 23. Bc5 Bxc5 24. Qxc5 Ne4 25. Qd4 Ng5 26. Qd3 Nxf3+ 27. Qxf3 Qxf3 28. exf3 Re2 29. Rd2 Rxd2 30. Nxd2 c5 31. a4 c4 32. a5 Ra8 33. a6 Ra7 34. g4 f5 35. b4 cxb3 36. Nxb3 fxg4 37. Nd4 gxf3 38. Nb5 Re7 39. a7 1-0

[Event "Manila ol (Men)"]
[Site "Manila PHI"]
[Date "1992.??.??"]
[Round "?"]
[White "Xu Jun"]
[Black "Giorgadze, Giorgi"]
[Result "1-0"]
[WhiteElo "2535"]
[BlackElo "2525"]
[PlyCount "61"]
[EventDate "1992.06.??"]
[Source "www.chesslib.no"]
[SourceDate "2004.05.04"]

1. d4 d5 2. c4 e6 3. Nc3 c5 4. cxd5 exd5 5. Nf3 Nc6 6. g3 Nf6 7. Bg2 Be7 8. O-O O-O 9. Bg5 Be6 10. dxc5 Bxc5 11. Rc1 Be7 12. Nd4 Nxd4 13. Qxd4 Qa5 14. Qd3 Rac8 15. Bxf6 Bxf6 16. Nxd5 Bxd5 17. Rxc8 Rxc8 18. Bxd5 Rc7 19. Qf5 Qd2 20. Be4 h6 21. Qh7+ Kf8 22. Qh8+ Ke7 23. Qb8 Qd6 24. Qxa7 b6 25. Qa4 Bxb2 26. Qb3 Ba3 27. Bd5 Kf8 28. Rd1 Rd7 29. Rd3 Qe7 30. Rf3 Qb4 31. Bxf7 1-0

[Event "Paris"]
[Site "Paris FRA"]
[Date "1986.??.??"]
[Round "?"]
[White "Dlugy, Maxim"]
[Black "Marjanovic, Slavoljub"]
[Result "1/2-1/2"]
[WhiteElo "2545"]
[BlackElo "2515"]
[PlyCount "29"]
[EventDate "1986.12.??"]
[Source "www.chesslib.no"]
[SourceDate "2004.05.04"]

1. d4 d5 2. c4 e6 3. Nc3 c5 4. cxd5 exd5 5. Nf3 Nc6 6. g3 Nf6 7. Bg2 Be7 8. O-O O-O 9. Bg5 c4 10. Ne5 Be6 11. b3 Qa5 12. Nxc6 bxc6 13. Na4 Rfd8 14. Qc2 Rac8 15. Bd2 1/2-1/2

[Event "Corr"]
[Site "?"]
[Date "1996.??.??"]
[Round "?"]
[White "Maes Valeer"]
[Black "Poulsen Allan"]
[Result "1/2-1/2"]
[WhiteElo "2470"]
[BlackElo "2590"]
[PlyCount "66"]
[EventDate "1996.??.??"]
[Source "www.chesslib.no"]
[SourceDate "2004.05.04"]

1. d4 d5 2. c4 e6 3. Nc3 c5 4. cxd5 exd5 5. Nf3 Nc6 6. g3 Nf6 7. Bg2 Be7 8. O-O O-O 9. Bg5 cxd4 10. Nxd4 h6 11. Be3 Re8 12. Rc1 Bg4 13. h3 Be6 14. Kh2 Qd7 15. Qa4 a6 16. Nxc6 bxc6 17. Rfd1 Bf5 18. Bd4 Qb7 19. e3 Rac8 20. a3 Nh7 21. b4 Ng5 22. f4 Ne6 23. e4 Nxd4 24. Rxd4 Qb6 25. Qd1 dxe4 26. Nxe4 a5 27. Nd6 Bxd6 28. Rxd6 axb4 29. axb4 Qxb4 30. Rcxc6 Rxc6 31. Rxc6 Re1 32. Qd5 Qb1 33. Rc7 Be6 1/2-1/2

[Event "5th Open"]
[Site "Dubai"]
[Date "2003.04.29"]
[Round "9"]
[White "Gagunashvili, Merab"]
[Black "El Gindy, Essam"]
[Result "0-1"]
[WhiteElo "2580"]
[BlackElo "2473"]
[PlyCount "112"]
[EventDate "2003.04.21"]
[Source "Roberto Alvarez"]
[SourceDate "2003.05.05"]

1. d4 d5 2. c4 e6 3. Nc3 c5 4. cxd5 exd5 5. Nf3 Nc6 6. g3 Nf6 7. Bg2 Be7 8. O-O O-O 9. dxc5 Bxc5 10. Bg5 d4 11. Bxf6 Qxf6 12. Nd5 Qd8 13. Nd2 a6 14. Rc1 Ba7 15. Nc4 Rb8 16. Nf4 Re8 17. Qd2 Ra8 18. b4 Ne7 19. a4 Ng6 20. Nd3 Rb8 21. Nc5 Nf8 22. Rfd1 Ne6 23. Ne4 Qe7 24. b5 axb5 25. Ncd6 Rd8 26. Nxb5 Bb6 27. a5 Bd7 28. Nbd6 Ba7 29. Nf5 Qf8 30. Ng5 h6 31. Nxe6 Bxe6 32. Qf4 Bxf5 33. Qxf5 Qe7 34. Rc2 Re8 35. Rb1 g6 36. Qf4 Qe5 37. Qxe5 Rxe5 38. a6 Rc5 39. Rxc5 Bxc5 40. axb7 Kf8 41. Rb5 Ba7 42. Ra5 Bb6 43. Ra6 Bc5 44. Rc6 Ba7 45. Rc8+ Ke7 46. Rc7+ Ke6 47. Bh3+ f5 48. g4 Kd6 49. Rg7 fxg4 50. Bxg4 Rf8 51. Kg2 d3 52. Rd7+ Kc6 53. Rxd3 Kxb7 54. Rd7+ Kb6 55. Rh7 h5 56. Bf3 Rf6 0-1

[Event "Gold Coast Parkroyal op"]
[Site "Gold Coast"]
[Date "2000.06.10"]
[Round "4"]
[White "Ftacnik, Lubomir"]
[Black "Galdunts, Sergey"]
[Result "1/2-1/2"]
[WhiteElo "2579"]
[BlackElo "2473"]
[PlyCount "111"]
[EventDate "2000.06.07"]
[Source "ChessBase"]
[SourceDate "2000.07.11"]

1. d4 d5 2. c4 e6 3. Nc3 c5 4. cxd5 exd5 5. Nf3 Nc6 6. g3 Nf6 7. Bg2 Be7 8. O-O O-O 9. dxc5 Bxc5 10. Bg5 d4 11. Bxf6 Qxf6 12. Nd5 Qd8 13. Nd2 Re8 14. Rc1 Bd6 15. Ne4 Be5 16. Nc5 Rb8 17. Qd2 Be6 18. Nxe6 Rxe6 19. Rfd1 a5 20. a3 g6 21. Bf3 Rd6 22. Nf4 Bf6 23. Bxc6 bxc6 24. Nd3 Bg5 25. f4 Be7 26. Rc5 Rb5 27. Rdc1 Qb6 28. Qc2 Rxc5 29. Qxc5 Qd8 30. Qc4 Re6 31. Kf2 c5 32. Nxc5 Bxc5 33. Qxc5 d3 34. exd3 Rb6 35. b4 axb4 36. axb4 Qxd3 37. Qxb6 Qd2+ 38. Kf3 Qxc1 39. Qb8+ Kg7 40. Qe5+ Kg8 41. b5 Qd1+ 42. Kg2 Qd2+ 43. Kh3 Qd7+ 44. f5 gxf5 45. b6 f4+ 46. g4 Qc6 47. Qc7 Qf3+ 48. Kh4 h6 49. Qd8+ Kh7 50. Qd4 Kg6 51. Qc5 Kg7 52. Qc2 Qe3 53. Qb2+ Kg6 54. b7 Qe1+ 55. Kh3 Qf1+ 56. Kh4 1/2-1/2

[Event "Beer_Sheva"]
[Site "?"]
[Date "1996.??.??"]
[Round "?"]
[White "Greenfeld, A."]
[Black "Shmuter, L."]
[Result "1/2-1/2"]
[WhiteElo "2560"]
[BlackElo "2490"]
[PlyCount "55"]
[EventDate "1996.??.??"]
[Source "ChessBase"]
[SourceDate "1996.06.01"]

1. d4 d5 2. c4 e6 3. Nc3 c5 4. cxd5 exd5 5. Nf3 Nc6 6. g3 Nf6 7. Bg2 Be7 8. O-O O-O 9. Bg5 cxd4 10. Nxd4 h6 11. Be3 Re8 12. Rc1 Bg4 13. h3 Be6 14. Qa4 Qd7 15. Kh2 a6 16. Nxc6 bxc6 17. Rfd1 Rab8 18. b3 Bf5 19. Bf4 Rb6 20. e4 Rb4 21. Qxa6 Nxe4 22. Bxe4 Bxe4 23. a3 Qb7 24. Qxb7 Rxb7 25. Nxe4 dxe4 26. b4 Ra8 27. Rc3 Bf6 28. Rxc6 1/2-1/2

[Event "SSDF 40-2, DK Bramming"]
[Site "?"]
[Date "1999.05.03"]
[Round "37"]
[White "Nimzo 99 P200MMX 47MB"]
[Black "MChess 8 P200MMX 60MB"]
[Result "0-1"]
[WhiteElo "2565"]
[BlackElo "2481"]
[PlyCount "144"]
[EventDate "1999.??.??"]
[Source "www.chesslib.no"]
[SourceDate "2004.05.04"]

1. d4 d5 2. c4 e6 3. Nc3 c5 4. cxd5 exd5 5. Nf3 Nc6 6. g3 Nf6 7. Bg2 Be7 8. O-O O-O 9. Bg5 cxd4 10. Nxd4 Re8 11. Qa4 Bd7 12. Rad1 h6 13. Be3 Nb4 14. Qb3 a5 15. a4 Rc8 16. Nc2 b5 17. Nxb4 bxa4 18. Nxa4 Bxb4 19. Nc3 Bxc3 20. bxc3 a4 21. Qa2 Qe7 22. Rfe1 Bc6 23. Bd4 Ne4 24. e3 Qe6 25. Rb1 Qf5 26. Rb4 Ng5 27. Qe2 Nh3+ 28. Bxh3 Qxh3 29. Reb1 Qf5 30. Rb6 Bd7 31. Rb7 Bc6 32. R7b4 Bd7 33. Qd1 Ra8 34. Ra1 Reb8 35. Ra2 Qe4 36. Bb6 Qe6 37. Bd4 Qe7 38. Bb6 Qf6 39. Bd4 Qe7 40. Bb6 Bh3 41. Qxd5 Be6 42. Qe4 Qxb4 43. cxb4 Bxa2 44. Bd4 a3 45. Qg4 g6 46. Qe4 Re8 47. Qf4 Kh7 48. b5 Ra5 49. Qf6 Rg8 50. Qe5 Be6 51. h4 h5 52. Bc3 Ra7 53. e4 a2 54. b6 Ra3 55. Ba1 Rb3 56. Bd4 Rb4 57. Kg2 Rxd4 58. Qxd4 Rb8 59. f3 Rxb6 60. Qxb6 a1=Q 61. Qg1 Bh3+ 62. Kh2 Bf1 63. Qf2 Qb1 64. e5 Bc4 65. Qd2 Qf1 66. f4 Kg8 67. Qd8+ Kg7 68. Qf6+ Kh7 69. Qc6 Qd3 70. Qg2 Bd5 71. Qf2 Qd1 72. g4 hxg4 0-1

[Event "SSDF 40-2, DK Bramming"]
[Site "?"]
[Date "1999.04.30"]
[Round "27"]
[White "Nimzo 99 P200MMX 47MB"]
[Black "MChess 8 P200MMX 60MB"]
[Result "1-0"]
[WhiteElo "2565"]
[BlackElo "2481"]
[PlyCount "169"]
[EventDate "1999.??.??"]
[Source "www.chesslib.no"]
[SourceDate "2004.05.04"]

1. d4 d5 2. c4 e6 3. Nc3 c5 4. cxd5 exd5 5. Nf3 Nc6 6. g3 Nf6 7. Bg2 Be7 8. O-O O-O 9. Bg5 cxd4 10. Nxd4 Re8 11. Qa4 Bd7 12. e3 Ne4 13. Bxe7 Nxe7 14. Qa3 Nxc3 15. Qxc3 Rc8 16. Qb3 Qc7 17. Bxd5 Nxd5 18. Qxd5 Re5 19. Qf3 h5 20. b4 Bh3 21. Rfe1 Qe7 22. a3 Rd8 23. Rec1 Bg4 24. Qg2 h4 25. Rc4 hxg3 26. hxg3 Red5 27. Rac1 R5d7 28. R4c3 Bh5 29. Qh3 Bg6 30. Rc8 Rxc8 31. Rxc8+ Rd8 32. Qg4 Rf8 33. Rxf8+ Qxf8 34. Qd7 Qa8 35. Nb5 a6 36. Nd6 b5 37. Qb7 Qxb7 38. Nxb7 Bf5 39. Nc5 Bc8 40. e4 Kf8 41. e5 Kg8 42. Kg2 Kh7 43. Kf3 Kg6 44. Kf4 Kh5 45. Ke4 Kg4 46. Kd5 Kf3 47. Kd6 Kxf2 48. Ne4+ Kf3 49. Ng5+ Kxg3 50. Nxf7 Bf5 51. e6 Bg6 52. Ke5 Bh5 53. Nd6 g5 54. Kf6 g4 55. Kg5 Kh3 56. Kxh5 g3 57. e7 g2 58. e8=Q g1=Q 59. Qc8+ Kh2 60. Qxa6 Qd1+ 61. Kg6 Qd3+ 62. Kf7 Kg1 63. Qb6+ Kg2 64. Nxb5 Qd2 65. Qg6+ Kf2 66. Qf5+ Kg3 67. Nc3 Qxc3 68. Qg5+ Kh3 69. Qh6+ Kg3 70. Qg7+ Qxg7+ 71. Kxg7 Kf4 72. Kf6 Ke4 73. Ke6 Kd4 74. Kd6 Kc4 75. Kc6 Kb3 76. b5 Kc4 77. b6 Kd4 78. b7 Kc4 79. b8=Q Kd3 80. Qe5 Kc4 81. Qe2+ Kc3 82. Kd5 Kb3 83. Qd2 Kxa3 84. Kc4 Ka4 85. Qa2# 1-0

[Event "SSDF 40-2, DK Bramming"]
[Site "?"]
[Date "1999.03.30"]
[Round "3"]
[White "Nimzo 99 P200MMX 47MB"]
[Black "MChess 8 P200MMX 60MB"]
[Result "0-1"]
[WhiteElo "2565"]
[BlackElo "2481"]
[PlyCount "158"]
[EventDate "1999.??.??"]
[Source "www.chesslib.no"]
[SourceDate "2004.05.04"]

1. d4 d5 2. c4 e6 3. Nc3 c5 4. cxd5 exd5 5. Nf3 Nc6 6. g3 Nf6 7. Bg2 Be7 8. O-O O-O 9. Bg5 cxd4 10. Nxd4 Re8 11. Qa4 Bd7 12. Rad1 h6 13. Be3 Nb4 14. Qb3 a5 15. a4 Rc8 16. Ndb5 Be6 17. Bd4 Bf8 18. Rd2 Qe7 19. Qd1 Rc6 20. e3 g6 21. Bxf6 Qxf6 22. e4 dxe4 23. Nxe4 Qh8 24. Ned6 Re7 25. Bxc6 bxc6 26. Nc3 Nd5 27. Nde4 Bg7 28. Re1 Kh7 29. Qc1 Nxc3 30. Nxc3 Rb7 31. Re3 Rb4 32. Red3 Qb8 33. Rd6 Qb7 34. h4 Be5 35. Rd8 Bf6 36. R8d3 c5 37. Kh2 Be5 38. f4 c4 39. Re3 Bf6 40. Ree2 Bg4 41. Rf2 Bf3 42. Qc2 Kg7 43. f5 g5 44. h5 Qc6 45. Qc1 Rb3 46. Qe1 Kh7 47. Nb5 Qc5 48. Qe8 Bxh5 49. Nd6 Qe5 50. Rg2 Rb4 51. Ne4 Bg7 52. Qxe5 Bxe5 53. Rd5 Bh8 54. g4 c3 55. Nxc3 Bxg4 56. Rxa5 h5 57. Rd2 Bf3 58. Kg3 Bc6 59. Ra6 Be5+ 60. Kf2 Rc4 61. Rd3 h4 62. b3 Rf4+ 63. Kg1 Rf3 64. Rxc6 Rxd3 65. Ne4 Kg7 66. Nf2 Rxb3 67. Rc1 Bd4 68. Rc4 Ba7 69. Rc7 Bb6 70. Rc2 Ra3 71. Kh1 Rxa4 72. Nd3 Ba7 73. Nc5 Ra1+ 74. Kg2 g4 75. Ne4 Rg1+ 76. Kh2 Re1 77. Ng5 Kf6 78. Nh3 Bb8+ 79. Kg2 Kxf5 0-1

[Event "SSDF 40-2, DK Bramming"]
[Site "?"]
[Date "1999.05.04"]
[Round "39"]
[White "Nimzo 99 P200MMX 47MB"]
[Black "MChess 8 P200MMX 60MB"]
[Result "0-1"]
[WhiteElo "2565"]
[BlackElo "2481"]
[PlyCount "116"]
[EventDate "1999.??.??"]
[Source "www.chesslib.no"]
[SourceDate "2004.05.04"]

1. d4 d5 2. c4 e6 3. Nc3 c5 4. cxd5 exd5 5. Nf3 Nc6 6. g3 Nf6 7. Bg2 Be7 8. O-O O-O 9. Bg5 cxd4 10. Nxd4 Re8 11. Qa4 Bd7 12. Rad1 h6 13. Be3 Nb4 14. Qb3 a5 15. a4 Rc8 16. Nc2 b5 17. Nxb4 bxa4 18. Nxa4 Bxb4 19. Nc3 Bxc3 20. bxc3 a4 21. Qa2 Qe7 22. Rfe1 Bc6 23. Bd4 Ne4 24. e3 Qe6 25. Rb1 Qf5 26. Rb4 Ng5 27. Qe2 Nh3+ 28. Bxh3 Qxh3 29. Ra1 Ra8 30. Rc1 Bd7 31. Qf3 Qf5 32. Qe2 h5 33. Rb7 h4 34. Ra1 Rec8 35. Ra2 hxg3 36. hxg3 Rc6 37. f3 Rh6 38. g4 Qh7 39. Qg2 Rh3 40. Ra1 Bc6 41. Rc7 Qh4 42. Be5 Bb5 43. Bh2 Re8 44. Rc5 Bd3 45. e4 Rxe4 46. fxe4 Bxe4 47. Qe2 Rf3 48. Ra2 Rg3+ 49. Bxg3 Qxg3+ 50. Kf1 Bd3 51. Qxd3 Qxd3+ 52. Kf2 d4 53. c4 Qe4 54. Kg3 d3 55. Rd5 Qxc4 56. Rd8+ Kh7 57. Rh2+ Kg6 58. Kh3 Qf4 0-1

[Event "SSDF 40-2, DK Bramming"]
[Site "?"]
[Date "1999.05.01"]
[Round "31"]
[White "Nimzo 99 P200MMX 47MB"]
[Black "MChess 8 P200MMX 60MB"]
[Result "1/2-1/2"]
[WhiteElo "2565"]
[BlackElo "2481"]
[PlyCount "203"]
[EventDate "1999.??.??"]
[Source "www.chesslib.no"]
[SourceDate "2004.05.04"]

1. d4 d5 2. c4 e6 3. Nc3 c5 4. cxd5 exd5 5. Nf3 Nc6 6. g3 Nf6 7. Bg2 Be7 8. O-O O-O 9. Bg5 cxd4 10. Nxd4 Re8 11. Qa4 Bd7 12. Rad1 h6 13. Bxf6 Bxf6 14. Ndb5 d4 15. Ne4 Be5 16. Nbd6 Bxd6 17. Nxd6 Rxe2 18. Qc4 Qe7 19. Nxf7 Re6 20. Bxc6 Bxc6 21. Ne5 Bb5 22. Qxb5 Rxe5 23. Qc4+ Qe6 24. Qxd4 b6 25. Rc1 Re4 26. Qd3 Re8 27. a3 Qe5 28. b4 Qe7 29. Rc6 Qf7 30. Rd6 R4e7 31. Rd8 Rxd8 32. Qxd8+ Re8 33. Qd3 Rf8 34. f4 Re8 35. Rd1 Kh8 36. Qc3 Qf5 37. Qc6 Qh5 38. Rd2 Re1+ 39. Kf2 Re8 40. h4 Qf7 41. Qd7 Re7 42. Qd5 Qg6 43. h5 Qf6 44. Qa8+ Kh7 45. Qc8 Qf7 46. Qc2+ Kh8 47. Rd8+ Re8 48. Rxe8+ Qxe8 49. g4 Qa8 50. f5 Qh1 51. Qe2 Qh2+ 52. Ke3 Qg3+ 53. Qf3 Qb8 54. Qf4 Qc8 55. Qd4 Qc1+ 56. Ke4 Qe1+ 57. Kf4 Qc1+ 58. Qe3 Qc7+ 59. Kf3 Qd8 60. Ke2 Qd5 61. Kf2 Kg8 62. Kg3 Qd6+ 63. Qf4 Qd8 64. Qc4+ Kh8 65. a4 Qd1 66. b5 Qg1+ 67. Kf3 Qh1+ 68. Kf4 Qh2+ 69. Ke4 Qh4 70. Ke5 Qf6+ 71. Kf4 Qd6+ 72. Ke4 Qe7+ 73. Kf3 Qa3+ 74. Ke2 Qb2+ 75. Kd3 Qa3+ 76. Kd2 Qd6+ 77. Kc1 Qa3+ 78. Kb1 Qe3 79. Kc2 Qf2+ 80. Kd1 Qe3 81. Qb4 Qd3+ 82. Kc1 Qe3+ 83. Kb1 Qd3+ 84. Kb2 Qe2+ 85. Kb3 Qd1+ 86. Ka2 Qc2+ 87. Ka3 Qc1+ 88. Qb2 Qc5+ 89. Kb3 Qd5+ 90. Ka3 Qf3+ 91. Qb3 Qxg4 92. Qf7 Qf3+ 93. Kb2 Qe2+ 94. Kb3 Qd3+ 95. Kb4 Qd2+ 96. Ka3 Qd6+ 97. Ka2 Qh2+ 98. Kb1 Qh1+ 99. Kb2 Qa8 100. Kc1 Qc8+ 101. Kd2 Qb8 102. Kd1 1/2-1/2

[Event "SSDF 40-2, DK Bramming"]
[Site "?"]
[Date "1999.04.01"]
[Round "5"]
[White "Nimzo 99 P200MMX 47MB"]
[Black "MChess 8 P200MMX 60MB"]
[Result "1/2-1/2"]
[WhiteElo "2565"]
[BlackElo "2481"]
[PlyCount "234"]
[EventDate "1999.??.??"]
[Source "www.chesslib.no"]
[SourceDate "2004.05.04"]

1. d4 d5 2. c4 e6 3. Nc3 c5 4. cxd5 exd5 5. Nf3 Nc6 6. g3 Nf6 7. Bg2 Be7 8. O-O O-O 9. Bg5 cxd4 10. Nxd4 Re8 11. e3 h6 12. Bxf6 Bxf6 13. Nxd5 Bxd4 14. exd4 Be6 15. Re1 Bxd5 16. Rxe8+ Qxe8 17. Bxd5 Rd8 18. Qh5 Nxd4 19. Bxb7 Rb8 20. Qd5 Qa4 21. Qe4 Re8 22. b3 Rxe4 23. bxa4 Re7 24. Bd5 Rd7 25. Bb3 Rb7 26. Rd1 Rb4 27. Kg2 g5 28. Rc1 Rb7 29. Rc8+ Kg7 30. Rd8 Nxb3 31. axb3 Kf6 32. Ra8 Ke5 33. b4 Kd5 34. b5 Kc5 35. Re8 f5 36. Re6 Rb6 37. Re7 a6 38. Re5+ Kb4 39. bxa6 Rxa6 40. Rxf5 Kxa4 41. f4 gxf4 42. gxf4 Kb4 43. Kf3 Kc3 44. Rf8 Ra2 45. h4 Ra6 46. Ke4 Kd2 47. Rd8+ Ke2 48. f5 Ra4+ 49. Ke5 Kf3 50. f6 Re4+ 51. Kd6 Rf4 52. Ke7 Kg4 53. f7 Kxh4 54. Rg8 h5 55. Rg6 Rf3 56. f8=Q Rxf8 57. Ke6 Kh3 58. Kd5 Re8 59. Rg5 h4 60. Kd4 Kh2 61. Kd3 h3 62. Kd2 Kh1 63. Rg7 Re5 64. Rg6 Kh2 65. Rg8 Re6 66. Rg5 Kh1 67. Rg7 h2 68. Rg5 Re8 69. Rg7 Re5 70. Rg6 Re4 71. Rg5 Re6 72. Rg7 Re8 73. Rg5 Re4 74. Rg7 Rf4 75. Ke3 Rf1 76. Rd7 Rf5 77. Rg7 Rf6 78. Rg8 Rf1 79. Rd8 Rf7 80. Rg8 Ra7 81. Rg6 Re7+ 82. Kd2 Rf7 83. Ke3 Rf1 84. Rd6 Rf5 85. Rg6 Rf8 86. Rg7 Ra8 87. Rg6 Rd8 88. Rg5 Rc8 89. Rg7 Rc6 90. Rg5 Rb6 91. Rg7 Rd6 92. Rg5 Ra6 93. Rg7 Ra3+ 94. Kf2 Ra2+ 95. Ke1 Rg2 96. Rf7 Rc2 97. Rg7 Rc6 98. Rg5 Rf6 99. Rg7 Rf4 100. Rg6 Rf7 101. Rg8 Rf5 102. Rg6 Rf8 103. Rg7 Rf3 104. Rg6 Rf5 105. Rg8 Rf7 106. Rg6 Ra7 107. Rg5 Ra6 108. Rg7 Rb6 109. Rg5 Rb7 110. Rg8 Rb2 111. Rg6 Rg2 112. Rf6 Ra2 113. Rg6 Ra3 114. Rg5 Ra4 115. Rg7 Rh4 116. Rg5 Rh3 117. Rg7 Rh5 1/2-1/2

[Event "SSDF 40-2, DK Bramming"]
[Site "?"]
[Date "1999.05.02"]
[Round "33"]
[White "Nimzo 99 P200MMX 47MB"]
[Black "MChess 8 P200MMX 60MB"]
[Result "1/2-1/2"]
[WhiteElo "2565"]
[BlackElo "2481"]
[PlyCount "243"]
[EventDate "1999.??.??"]
[Source "www.chesslib.no"]
[SourceDate "2004.05.04"]

1. d4 d5 2. c4 e6 3. Nc3 c5 4. cxd5 exd5 5. Nf3 Nc6 6. g3 Nf6 7. Bg2 Be7 8. O-O O-O 9. Bg5 cxd4 10. Nxd4 Re8 11. Qa4 Bd7 12. Rad1 h6 13. Be3 Nb4 14. Qb3 a5 15. Rd2 a4 16. Qd1 a3 17. Qb1 Bc5 18. Ne6 Bxe3 19. Nxd8 Bxd2 20. Nxb7 d4 21. Ne4 Nxe4 22. Bxe4 axb2 23. Nc5 d3 24. exd3 Rxa2 25. Nxd7 Bc3 26. Qd1 Ra1 27. Qb3 Rc1 28. Nc5 Nc2 29. Na4 b1=Q 30. Qxb1 Rxb1 31. Rxb1 Bd4 32. Kf1 g5 33. Rc1 Rc8 34. Ke2 Rc7 35. Bd5 Re7+ 36. Kf1 Rc7 37. Kg1 Be5 38. Bb3 Nd4 39. Rxc7 Bxc7 40. Bc4 Ba5 41. Nb2 Kf8 42. Nd1 f5 43. Ne3 Bb6 44. Nd5 Bc5 45. Kg2 Kf7 46. f4 Ke6 47. h3 Kd6 48. h4 gxh4 49. gxh4 Kc6 50. Kf2 Ne6+ 51. Kg3 Nd4 52. Kg2 Nc2 53. Nc3 Bd6 54. Kg3 Kc5 55. h5 Nd4 56. Nd5 Ne6 57. Kf3 Nd4+ 58. Ke3 Nc2+ 59. Ke2 Nd4+ 60. Kf2 Nc2 61. Ne3 Nd4 62. Ng2 Kb4 63. Ke1 Kc3 64. Kd1 Nf3 65. Ba6 Bc5 66. Bb5 Nd4 67. Bc4 Nf3 68. Ne1 Nxe1 69. Kxe1 Bd6 70. Ke2 Bxf4 71. Be6 Kd4 72. Bxf5 Be3 73. Bh7 Bf4 74. Be4 Be5 75. Bg2 Bd6 76. Bc6 Bc7 77. Bb7 Be5 78. Ba8 Bb8 79. Kd2 Bf4+ 80. Kc2 Bd6 81. Be4 Bb4 82. Bf5 Be7 83. Bg6 Bd8 84. Be4 Bc7 85. Kd1 Ke3 86. Bg6 Be5 87. Kc2 Kd4 88. Bh7 Bf6 89. Kd2 Be7 90. Be4 Bb4+ 91. Kc1 Bc3 92. Kb1 Kc5 93. Kc2 Bd4 94. Kb3 Bf6 95. Bb7 Be5 96. Kc2 Kd4 97. Bg2 Bg3 98. Bf3 Be1 99. Bc6 Bb4 100. Bg2 Be7 101. Bh3 Bg5 102. Be6 Bf6 103. Kd2 Be5 104. Bc4 Bd6 105. Ke2 Bc5 106. Kf3 Bb4 107. Kf4 Bd6+ 108. Kf5 Bc7 109. Bb5 Bd8 110. Kg6 Bg5 111. Bc4 Bd2 112. Kf5 Be3 113. Kg4 Bf2 114. Kf4 Bh4 115. Kf3 Ke5 116. Ke3 Bg5+ 117. Ke2 Kd4 118. Kf3 Bc1 119. Kg4 Ke5 120. Kg3 Ba3 121. Bb5 Kd4 122. Kg4 1/2-1/